Engineering approaches to mechanical and robotic design for minimally invasive surgery (MIS) (Record no. 10937)
[ view plain ]
| 000 -LEADER | |
|---|---|
| fixed length control field | 00480 a2200157 4500 |
| 020 ## - INTERNATIONAL STANDARD BOOK NUMBER | |
| International Standard Book Number | 9780792377924 |
| 090 ## - LOCALLY ASSIGNED LC-TYPE CALL NUMBER (OCLC); LOCAL CALL NUMBER (RLIN) | |
| -- | 7133 |
| -- | 7133 |
| 100 ## - MAIN ENTRY--PERSONAL NAME | |
| Personal name | Faraz, Ali |
| 110 ## - MAIN ENTRY--CORPORATE NAME | |
| Corporate name or jurisdiction name as entry element | Payandeh, Shahram |
| 245 ## - TITLE STATEMENT | |
| Title | Engineering approaches to mechanical and robotic design for minimally invasive surgery (MIS) |
| Statement of responsibility, etc. | Ali, Faraz |
| 260 ## - PUBLICATION, DISTRIBUTION, ETC. | |
| Place of publication, distribution, etc. | London |
| Name of publisher, distributor, etc. | KAP Publisher |
| Date of publication, distribution, etc. | 2000 |
| 300 ## - PHYSICAL DESCRIPTION | |
| Extent | 183 p |
| 650 ## - SUBJECT ADDED ENTRY--TOPICAL TERM | |
| Topical term or geographic name entry element | Biomedical engineering--Robotics in medicine |
| 700 ## - ADDED ENTRY--PERSONAL NAME | |
| Personal name | Ali, Faraz |
| 942 ## - ADDED ENTRY ELEMENTS (KOHA) | |
| Koha item type | Book |
| Call number prefix | 610.28 FAR |
| Withdrawn status | Lost status | Damaged status | Not for loan | Collection code | Permanent Location | Current Location | Shelving location | Date acquired | Source of acquisition | Cost, normal purchase price | Total Checkouts | Full call number | Barcode | Date last seen | Price effective from | Koha item type |
|---|---|---|---|---|---|---|---|---|---|---|---|---|---|---|---|---|
| Central Library (CL) | Central Library (CL) | General Stacks | 07/10/2012 | Progressive International Agencies | 20916.51 | 610.28 FAR | SEECS011350 | 11/14/2012 | 01/05/2017 | Book |
